000 00299nam a22001337a 4500
008 170126b xxu||||| |||| 00| 0 eng d
020 _a9780815175018
041 _aeng
080 _24TH
_a618.2
100 _a2
101 _aSHM
245 _aMANUAL OF EMERGENCY CARE
_cSHEEHY, S.B
942 _2udc
_cBK
999 _c3819
_d3819